Czech list (Record no. 118106)
[ view plain ]
| 000 -LEADER | |
|---|---|
| fixed length control field | 01013cam a2200241 4500 |
| 001 - CONTROL NUMBER | |
| control field | ABS68253 |
| 008 - FIXED-LENGTH DATA ELEMENTS--GENERAL INFORMATION | |
| fixed length control field | 041001n2004 000 0 eng u |
| 035 ## - SYSTEM CONTROL NUMBER | |
| System control number | (Sirsi) u127602 |
| 100 ## - MAIN ENTRY--PERSONAL NAME | |
| Personal name | Spanvirt, A. |
| 245 ## - TITLE STATEMENT | |
| Title | Czech list |
| 260 ## - PUBLICATION, DISTRIBUTION, ETC. | |
| Date of publication, distribution, etc. | 2004 |
| 490 ## - SERIES STATEMENT | |
| Series statement | Building |
| Volume/sequential designation | 269(8344) 6 August 2004, 36-37(2) |
| 520 ## - SUMMARY, ETC. | |
| Summary, etc. | Public procurement law was first regulated in the Czech Republic in 1994 and was further revised December 2003, the changes taking effect when the Czech Republic joined the EU in May 2004. Despite this there are many important issues that still need to be addressed. For example, the legislation failed to deal with public-private partnerships whilst competitive dialogue must be introduced to give more flexibility to contracting authorities. |
| 590 ## - LOCAL NOTE (RLIN) | |
| Local note | ABS |
| 590 ## - LOCAL NOTE (RLIN) | |
| Local note | ABS |
| 650 ## - SUBJECT ADDED ENTRY--TOPICAL TERM | |
| Topical term or geographic name entry element | CZECH REPUBLIC |
| 650 ## - SUBJECT ADDED ENTRY--TOPICAL TERM | |
| Topical term or geographic name entry element | EU PROCUREMENT |
| 650 ## - SUBJECT ADDED ENTRY--TOPICAL TERM | |
| Topical term or geographic name entry element | PUBLIC PROCUREMENT |
| 650 ## - SUBJECT ADDED ENTRY--TOPICAL TERM | |
| Topical term or geographic name entry element | EUROPEAN UNION |
| 650 ## - SUBJECT ADDED ENTRY--TOPICAL TERM | |
| Topical term or geographic name entry element | EC DIRECTIVES |
| 690 ## - LOCAL SUBJECT ADDED ENTRY--TOPICAL TERM (OCLC, RLIN) | |
| Topical term or geographic name as entry element | INTERNATIONAL-EUROPE |
| 942 ## - ADDED ENTRY ELEMENTS (KOHA) | |
| Suppress in OPAC | 0 |
| Withdrawn status | Lost status | Source of classification or shelving scheme | Damaged status | Not for loan | Home library | Current library | Shelving location | Date acquired | Total Checkouts | Full call number | Barcode | Date last seen | Copy number | Price effective from | Koha item type |
|---|---|---|---|---|---|---|---|---|---|---|---|---|---|---|---|
| Dewey Decimal Classification | London | London | Journal article | 01/10/2004 | ABS68253 | 127602-1001 | 06/08/2019 | 1 | 06/08/2019 | Journal article |